| 000 | 00000cam 2200000zi 4500 |
| 001 | 9.959639 |
| 003 | CaOODSP |
| 005 | 20260209095743 |
| 006 | m o d f |
| 007 | cr |n||||||||| |
| 008 | 260206e198703 onca ob f000 0 fre d |
| 020 | |z0662945115 |
| 040 | |aCaOODSP|bfre|erda|cCaOODSP |
| 041 | |afre|beng|bfre |
| 043 | |an-cn--- |
| 086 | 1 |aEn49-9/1-2F-PDF|zEn49-9/1-2F |
| 245 | 00|aCode de recommandations techniques pour la protection de l'environnement applicable aux centrales à vapeur : |bphase d'implantation. |
| 264 | 1|aOttawa (Ontario) : |bEnvironnement Canada, Service de la protection de l'environnement, Direction des programmes industriels, |cmars 1987. |
| 300 | |a1 ressource en ligne (xxi, 141 pages) : |billustrations. |
| 336 | |atexte|btxt|2rdacontent/fre |
| 337 | |ainformatique|bc|2rdamedia/fre |
| 338 | |aressource en ligne|bcr|2rdacarrier/fre |
| 490 | 1 |aSérie de la protection de l'environnement ; |vRapport SPE 1/PG/2 |
| 500 | |aÉdition numérisée de l’imprimé [par Environnement et changement climatique Canada]. |
| 500 | |aPublié aussi en anglais sous le titre : Environmental codes of practice for steam electric power generation : siting phase. |
| 504 | |aComprend des références bibliographiques. |
| 520 | |a« Le code de recommandations techniques portant sur la phase d'implantation fait partie d'un ensemble de codes élaborés à l'intention de l'industrie des centrales à vapeur. Cette industrie comprend des centrales a combustible fossile (chaudières alimentées au gaz, au pétrole et au charbon) et des centrales nucléaires (réacteurs a l'eau lourde de type CANDU). Le present code traite des problèmes environnementaux engendrés par les échanges avec les milieux aquatiques et atmosphériques et par la production de déchets solides dus aux centrales a vapeur; il offre aux équipes chargées de la selection des emplacements une procedure en trois phases susceptible d'aider a résoudre ces problèmes » -- Résumé. |
| 546 | |aRésumés en anglais et en français. |
| 650 | 6|aCentrales thermiques|xAspect de l'environnement|zCanada. |
| 650 | 6|aCentrales électriques|xAspect de l'environnement|zCanada. |
| 710 | 1 |aCanada.|bDirection générale de la protection de l'environnement.|bDirection des programmes industriels, |eorganisme de publication. |
| 775 | 08|tEnvironmental codes of practice for steam electric power generation : |w(CaOODSP)9.911152 |
| 830 | #0|aSérie de la protection de l'environnement ;|vRapport SPE 1/PG/2.|w(CaOODSP)9.854306 |
| 856 | 40|qPDF|s5.16 Mo|uhttps://publications.gc.ca/collections/collection_2026/eccc/En49-9-1-2-fra.pdf |